Parties of the Parliament of Australia - Statistics

General Stats
  • This quiz has been taken 40 times
    26 since last reset
  • The average score is 7 of 11
Answer Stats
Party Lower House Seats Upper House Seats Political Status % Correct
Liberal Party of Australia 41 26 Opposition
100%
Australian Labor Party 78 26 Government
96%
Australian Greens 4 11 Crossbench
88%
National Party of Australia 15 6 Opposition
88%
Pauline Hanson's One Nation 0 2 Crossbench
79%
Independent 10 2 Crossbench
71%
Katter's Australia Party 1 0 Crossbench
58%
United Australia Party 0 1 Crossbench
50%
Centre Alliance 1 0 Crossbench
46%
Jacquie Lambie Network 0 2 Crossbench
33%
Dai Le Frank Carbone Network 1 0 Crossbench
21%
No matching quizzes found
Score Distribution
Percent of People with Each Score
Percentile by Number Answered
Your Score History
You have not taken this quiz since the last reset